<?xml version="1.0" encoding="UTF-8"?>
<collection xmlns="http://www.loc.gov/MARC21/slim">
 <record>
  <leader>01690aam a22002538a 4500</leader>
  <controlfield tag="001">NCT_26588</controlfield>
  <controlfield tag="008">111123s2011                  ||||||viesd</controlfield>
  <datafield tag="999" ind1=" " ind2=" ">
   <subfield code="c">1274</subfield>
   <subfield code="d">1274</subfield>
  </datafield>
  <datafield tag="020" ind1=" " ind2=" ">
   <subfield code="a">9786041056497</subfield>
   <subfield code="c">140000</subfield>
  </datafield>
  <datafield tag="082" ind1="0" ind2="4">
   <subfield code="2">23rd ed.</subfield>
   <subfield code="a">303.4</subfield>
   <subfield code="b">N312</subfield>
  </datafield>
  <datafield tag="100" ind1="1" ind2=" ">
   <subfield code="a">Tôn Nữ Thị Ninh</subfield>
  </datafield>
  <datafield tag="245" ind1="1" ind2="0">
   <subfield code="a">Tư duy &amp; chia sẻ</subfield>
   <subfield code="c">Tôn Nữ Thị Ninh</subfield>
  </datafield>
  <datafield tag="250" ind1=" " ind2=" ">
   <subfield code="a">Tái bản lần thứ 5</subfield>
  </datafield>
  <datafield tag="260" ind1=" " ind2=" ">
   <subfield code="a">Tp.HCM</subfield>
   <subfield code="b">Trẻ</subfield>
   <subfield code="c">2016</subfield>
  </datafield>
  <datafield tag="300" ind1=" " ind2=" ">
   <subfield code="a">414 tr.</subfield>
   <subfield code="c">20 cm</subfield>
  </datafield>
  <datafield tag="520" ind1="3" ind2=" ">
   <subfield code="a">Giới thiệu một số bài phát biểu, bài viết, trả lời phỏng vấn, nội dung nói chuyện, giao lưu của tác giả ở trong và ngoài nước về Việt Nam, Việt Nam và thế giới cùng những vấn đề văn hoá - xã hội khác</subfield>
  </datafield>
  <datafield tag="653" ind1=" " ind2=" ">
   <subfield code="a">Quan hệ công chúng (PR)</subfield>
  </datafield>
  <datafield tag="942" ind1=" " ind2=" ">
   <subfield code="2">ddc</subfield>
   <subfield code="c">BK</subfield>
  </datafield>
  <datafield tag="952" ind1=" " ind2=" ">
   <subfield code="0">0</subfield>
   <subfield code="1">0</subfield>
   <subfield code="2">ddc</subfield>
   <subfield code="4">0</subfield>
   <subfield code="6">303_400000000000000_N312</subfield>
   <subfield code="7">0</subfield>
   <subfield code="9">10651</subfield>
   <subfield code="a">000001</subfield>
   <subfield code="b">000001</subfield>
   <subfield code="d">2018-06-15</subfield>
   <subfield code="o">303.4 N312</subfield>
   <subfield code="p">MD.09241</subfield>
   <subfield code="r">2018-06-15</subfield>
   <subfield code="v">140000.00</subfield>
   <subfield code="w">2018-06-15</subfield>
   <subfield code="y">BK</subfield>
  </datafield>
  <datafield tag="952" ind1=" " ind2=" ">
   <subfield code="0">0</subfield>
   <subfield code="1">0</subfield>
   <subfield code="2">ddc</subfield>
   <subfield code="4">0</subfield>
   <subfield code="6">303_400000000000000_N312</subfield>
   <subfield code="7">0</subfield>
   <subfield code="9">10652</subfield>
   <subfield code="a">000001</subfield>
   <subfield code="b">000001</subfield>
   <subfield code="d">2018-06-15</subfield>
   <subfield code="o">303.4 N312</subfield>
   <subfield code="p">MD.09242</subfield>
   <subfield code="r">2018-06-15</subfield>
   <subfield code="v">140000.00</subfield>
   <subfield code="w">2018-06-15</subfield>
   <subfield code="y">BK</subfield>
  </datafield>
  <datafield tag="952" ind1=" " ind2=" ">
   <subfield code="0">0</subfield>
   <subfield code="1">0</subfield>
   <subfield code="2">ddc</subfield>
   <subfield code="4">0</subfield>
   <subfield code="6">303_400000000000000_N312</subfield>
   <subfield code="7">0</subfield>
   <subfield code="9">10653</subfield>
   <subfield code="a">000001</subfield>
   <subfield code="b">000001</subfield>
   <subfield code="d">2018-06-15</subfield>
   <subfield code="o">303.4 N312</subfield>
   <subfield code="p">MD.09243</subfield>
   <subfield code="r">2018-06-15</subfield>
   <subfield code="v">140000.00</subfield>
   <subfield code="w">2018-06-15</subfield>
   <subfield code="y">BK</subfield>
  </datafield>
  <datafield tag="952" ind1=" " ind2=" ">
   <subfield code="0">0</subfield>
   <subfield code="1">0</subfield>
   <subfield code="2">ddc</subfield>
   <subfield code="4">0</subfield>
   <subfield code="6">303_400000000000000_N312</subfield>
   <subfield code="7">0</subfield>
   <subfield code="9">10654</subfield>
   <subfield code="a">000001</subfield>
   <subfield code="b">000001</subfield>
   <subfield code="d">2018-06-15</subfield>
   <subfield code="o">303.4 N312</subfield>
   <subfield code="p">MD.09244</subfield>
   <subfield code="r">2018-06-15</subfield>
   <subfield code="v">140000.00</subfield>
   <subfield code="w">2018-06-15</subfield>
   <subfield code="y">BK</subfield>
  </datafield>
  <datafield tag="952" ind1=" " ind2=" ">
   <subfield code="0">0</subfield>
   <subfield code="1">0</subfield>
   <subfield code="2">ddc</subfield>
   <subfield code="4">0</subfield>
   <subfield code="6">303_400000000000000_N312</subfield>
   <subfield code="7">0</subfield>
   <subfield code="9">10655</subfield>
   <subfield code="a">000001</subfield>
   <subfield code="b">000001</subfield>
   <subfield code="d">2018-06-15</subfield>
   <subfield code="l">1</subfield>
   <subfield code="o">303.4 N312</subfield>
   <subfield code="p">MD.09245</subfield>
   <subfield code="r">2019-11-28</subfield>
   <subfield code="s">2019-11-08</subfield>
   <subfield code="v">140000.00</subfield>
   <subfield code="w">2018-06-15</subfield>
   <subfield code="y">BK</subfield>
  </datafield>
  <datafield tag="980" ind1=" " ind2=" ">
   <subfield code="a">Thư viện Trường Đại học Nam Cần Thơ</subfield>
  </datafield>
 </record>
</collection>
